000 00983nam a22002537a 4500
999 _c3928
_d3928
003 AR-CdUCM
008 190307b ||||| |||| 00| 0 spa d
040 _aMUNICIPALIDAD PROVINCIAL DEL CUSCO
_cBIBLIOTECA MUNICIPAL DEL CUSCO
041 _hita
082 _a937 /
_bM33
100 _aMazzarino, Santo
_912586
245 _aEl fin del mundo antiguo /
260 _aMéxico :
_bUTEHA,
_c1961.
300 _aVII, 212 páginas ;
_c18 cm.
440 _aManuales Uteha.
_n94-94a
_912587
440 _aHistoria.
_n10
_97724
505 _aContenido: Prólogo sobre dos ideas antiquísimas -- ¿fin del tiempo o crisis de un Imperio? -- "Enemigos externos" y enemigos internos -- Los juicios de Dios como categoría histórica -- El fin de Roma en la interpretación del humanismo ...
650 _aHistoria
_9136
650 _aRoma
_92474
650 _aNaciones, democracias
_912588
700 _aDe Caballero Blanca P. L. (traducción)
_912589
942 _2ddc
_cLIBROS
945 _aachl